| 000 | 00592nam a2200181 a 4500 | ||
|---|---|---|---|
| 001 | 000036888 | ||
| 005 | 20200930080011.0 | ||
| 008 | 120203s1965 sp a 000 0 spa d | ||
| 040 |
_aDO-SdBNP _bspa _cBNPHU |
||
| 082 |
_axxx _bC867h |
||
| 100 | 1 |
_aCousins, Mary _963266 |
|
| 240 | 1 | 0 |
_aMore about Jesus. _lEspañol |
| 245 | 1 | 0 |
_aHablame de Jesús / _cMary Cousins ; traducción de María Dolores Raich. |
| 260 |
_aBarcelona : _bEditorial Molino, _c1965. |
||
| 300 |
_a138 p. : _bil. ; _c21 cm. |
||
| 534 |
_aTítulo original : _tMore about Jesus. |
||
| 700 | 1 |
_aRaich, María Dolores, _etr. _963267 |
|
| 999 |
_c36379 _d36379 |
||